Länder nach feministischen Parteien - Statistiken

Allgemein
  • Dieses Quiz wurde 3 mal gespielt
  • Das Durchschnittsergebnis liegt bei 23 aus 31
Antwortstatistiken
Parteien Länder % Korrekt
Women Political Participation Network China
100%
Arnat Partiiat, Feministisk Initiativ Dänemark
100%
Feministische Partei Die Frauen, Frauenpartei Deutschland
100%
Feministinen puolue Finnland
100%
Féministes pour une Europe solidaire Frankreich
100%
Γυναίκες για μια άλλη Ευρώπη Griechenland
100%
All _ Mahila Empowerment Party, United Women Front, Womanist Party of _ Indien
100%
Frauenpartei Iran
100%
Samtök um kvennalista Island
100%
Feminist Party of _ Kanada
100%
Frauenpartei _ Kurdistan
100%
Women’s Rights Party Neuseeland
100%
Inicjatywa Feministyczna Polen
100%
Feministiskt initiativ Schweden
100%
Iniciativa Feminista, Partido Feminista de _ Spanien
100%
Жінки за майбутнє Ukraine
100%
Northern _ Women’s Coalition, Women’s Equality Party, Women’s Party Vereinigtes Königreich
100%
Freedom Socialist Party, National Woman’s Party Vereinigte Staaten
100%
Daughter of the Nile Union, National Feminist Party Ägypten
50%
National Feminist Party Argentinien
50%
Schamiram Armenien
50%
Frauenpartei, U'Bizchutan Israel
50%
Namibia Women’s Action for Equality Party Namibia
50%
_ Women Muslim League Pakistan
50%
Women’s National Party Panama
50%
Unity Party Sierra Leone
50%
Women Forward Südafrika
50%
Kadin Partisi, _ Ulusal Kadınlar Partisi Türkei
50%
Nadzieja Belarus
0%
Gabriela (General Assembly Binding Women for Reforms, Integrity, Equality, Leadership, and Action) Philippinen
0%
Twelve Pillars to Peace and Prosperity Party Salomonen
0%
Keine übereinstimmenden Quizze gefunden
Verteilung der Resultate
Anzahl Personen mit jedem Resultat
Perzentil nach korrekt beantworteten Fragen
Ihre Resultats-Entwicklung
Sie haben dieses Quiz noch nicht gespielt